00000000nam 2200000zi 4500
0019.956850
003CaOODSP
00520251029143207
006m     o  d f      
007cr |n|||||||||
008251029e20251029oncd    ob   f000 0 fre d
040 |aCaOODSP|bfre|erda|cCaOODSP
043 |an-cn---
0861 |aYN5-244/2025F-PDF
24500|aDépenses en capital prévues au titre de la politique de défense du Canada : |bmise à jour de 2025.
264 1|a[Ottawa] : |bBureau du directeur parlementaire du budget = Office of the Parliamentary Budget Officer, |c29 octobre 2025.
264 4|c©2025
300 |a1 ressource en ligne (12 pages) : |bgraphiques
336 |atexte|btxt|2rdacontent/fre
337 |ainformatique|bc|2rdamedia/fre
338 |aressource en ligne|bcr|2rdacarrier/fre
500 |aPublié aussi en anglais sous le titre : Planned capital spending under Canada’s defence policy: 2025 update.
504 |aComprend des références bibliographiques (page 12).
61016|aCanada. |bMinistère de la défense nationale|xCrédits budgétaires et dépenses.
7101 |aCanada. |bBureau du Directeur parlementaire du budget, |eorganisme de publication.
77508|tPlanned capital spending under Canada's defence policy : |w(CaOODSP)9.956849
795 |tDépenses en capital prévues au titre de la politique de défense du Canada : |w(CaOODSP)9.937315
85640|qPDF|s361 Ko|uhttps://publications.gc.ca/collections/collection_2025/dpb-pbo/YN5-244-2025-fra.pdf
8564 |qHTML|sS.O.|uhttps://www.pbo-dpb.ca/fr/publications/RP-2526-016-S--planned-capital-spending-under-canada-defence-policy-2025-update--depenses-capital-prevues-titre-politique-defense-canada-mise-jour-2025